000 00701nam a22001937a 4500
003 AUA.1
005 20251120152204.0
008 251120b ||||| |||| 00| 0 eng d
040 _cEGWEBO
050 _aBX6117.8
_b.T3 2019
100 _aJames R. Nix
_eAuthor
_950327
245 _aTakoma Park Washington, DC:
_bA guide to selected historic Adventist sites
_cJames R. Nix
260 _aLaurel, MD
_cc2019
300 _a119p.
_bchiefly col ill.
_c23 cm
500 _aContains a small paper with corrections on some dates
501 _aPreliminary edition on Cover
610 _aSeventh-day Adventists
_xHistory
_zTakoma Park (Washington, DC)
942 _2lcc
_cBOOK
_hBX 6117.8
_i.T3 2019
999 _c25254
_d25254